000 00491nam a2200121Ia 4500
008 160712s9999 xx 000 0 und d
100 _aSantiaƱez, Wilfred John E.
245 _cWilfred John E. SantiaƱez,
_aTaxonomy of the Genus Sargassum (Fucales, Phaeophyceae) from Alabat Island, Quezon, Northeastern Philippines
260 _c2013
_bScience Diliman
300 _avol. 25 no. 1
650 _xSCIENCE
856 _uhttp://journals.upd.edu.ph/index.php/sciencediliman/issue/view/402/showToc
999 _c297352
_d297352